|
|
|
|
| LEADER |
01656nam a2200397 i 4500 |
| 001 |
EBC6565042 |
| 003 |
MiAaPQ |
| 005 |
20220602093929.0 |
| 006 |
m o d | |
| 007 |
cr cnu|||||||| |
| 008 |
220602s2021 enk o 000 0 eng d |
| 020 |
|
|
|z 9781138392144
|q (print)
|
| 020 |
|
|
|a 9780429688652
|q (electronic bk.)
|
| 035 |
|
|
|a (MiAaPQ)EBC6565042
|
| 035 |
|
|
|a (Au-PeEL)EBL6565042
|
| 035 |
|
|
|a (OCoLC)1321788202
|
| 040 |
|
|
|a MiAaPQ
|b eng
|e rda
|e pn
|c MiAaPQ
|d MiAaPQ
|
| 043 |
|
|
|a e------
|
| 050 |
|
4 |
|a GE190.E85
|b .E585 2021
|
| 082 |
0 |
|
|a 363.7056094
|2 23
|
| 245 |
0 |
0 |
|a Environmental policy in the EU :
|b actors, institutions and processes /
|c edited by Andrew Jordan, Viviane Gravey.
|
| 250 |
|
|
|a Fourth edition.
|
| 264 |
|
1 |
|a London ;
|a New York :
|b Routledge,
|c 2021.
|
| 300 |
|
|
|a 1 online resource (403 pages)
|
| 336 |
|
|
|a text
|b txt
|2 rdacontent
|
| 337 |
|
|
|a computer
|b c
|2 rdamedia
|
| 338 |
|
|
|a online resource
|b cr
|2 rdacarrier
|
| 588 |
|
|
|a Description based on print version record.
|
| 590 |
|
|
|a Electronic reproduction. Ann Arbor, MI : ProQuest, 2018. Available via World Wide Web. Access may be limited to ProQuest affiliated libraries.
|
| 650 |
|
0 |
|a Environmental policy
|z European Union countries.
|
| 655 |
|
4 |
|a Electronic books.
|
| 700 |
1 |
|
|a Jordan, Andrew,
|e editor.
|
| 700 |
1 |
|
|a Gravey, Viviane,
|e editor.
|
| 776 |
0 |
8 |
|i Print version:
|t Environmental policy in the EU : actors, institutions and processes.
|b Fourth edition.
|d London ; New York : Routledge, c2021
|h 403 pages
|z 9781138392144
|
| 797 |
2 |
|
|a ProQuest (Firm)
|
| 856 |
4 |
0 |
|u https://ebookcentral.proquest.com/lib/matrademy/detail.action?docID=6565042
|z Click to View
|